Logo BPK

Biblioteka

Politechniki Koszalińskiej

W stronę Swanna / (Rekord nr 55649)

Szczegóły MARC
000 -ETYKIETA REKORDU
podpole kontrolne o stałej długości 00930nam a2200289 i 4500
001 - NUMER KONTROLNY REKORDU
pole kontrolne bg
020 ## - MIĘDZYNARODOWY ZNORMALIZOWANY NUMER KSIĄŻKI - ISBN
ISBN 8389651610
020 ## - MIĘDZYNARODOWY ZNORMALIZOWANY NUMER KSIĄŻKI - ISBN
ISBN 8497895509
040 ## - ŹRÓDŁO KATALOGOWANIA
Instytucja, która utworzyła rekord BPK
041 1# - KOD JĘZYKA
Kod języka tekstu pol
Kod języka oryginału fre
044 ## - KOD KRAJU WYDAWCY/PRODUCENTA
Kod kraju wydawcy/producenta POL
080 ## - UNIWERSALNA KLASYFIKACJA DZIESIĘTNA - UKD
UKD 821.133.1-3
920 ## - Międzynarodowy znormalizowany numer książki – ISBN
ISBN 83-89651-61-0
920 ## - Międzynarodowy znormalizowany numer książki – ISBN
ISBN 84-9789-550-9
008 - POLE O STAŁEJ DŁUGOŚCI - DANE KONTROLNE
podpole kontrolne o stałej długości s pl f |000 0 pol
100 1# - NAZWA OSOBOWA
Nazwa osobowa Proust, Marcel
Daty związane z nazwą (1871-1922).
245 10 - TYTUŁ/ODPOWIEDZIALNOŚĆ
Tytuł W stronę Swanna /
Pozostałe elementy strefy tytułu i oznaczenia odpowiedzialności Marcel Proust ; przekł. Tadeusz Boy-Żeleński.
246 1# - WARIANT TYTUŁU
Treść wyrażenia wprowadzającego Tyt. oryg.:
Tytuł Du côté de chez Swann
260 ## - STREFA ADRESU WYDAWNICZEGO
Miejsce wydania Kraków :
Nazwa wydawcy/dystrybutora "Mediasat Poland",
Data publikacji, dystrybucji/powstania dokumentu [2004].
300 ## - STREFA OPISU FIZYCZNEGO
Objętość 377, [2] s. ;
Rozmiary 22 cm.
490 1# - STREFA SERII I DOKUMENTU WIELOCZĘŚCIOWEGO - FORMA NIE DO WYSZUKIWANIA
Tytuł i oznaczenie odpowiedzialności serii Kolekcja Gazety Wyborczej : XX wiek ;
Numeracja w obrębie serii 12
500 ## - UWAGI OGÓLNE
Tekst uwagi Tyt. oryg.: "Du côté de chez Swann". T. 1 cyklu: W poszukiwaniu straconego czasu.
650 #9 - HASŁO PRZEDMIOTOWE W FORMIE NAZWY OGÓLNEJ LUB JEDNOSTKOWEJ
Nazwa ogólna lub geograficzna Powieść francuska
Określnik chronologiczny 20 w.
700 1# - HASŁO DODATKOWE - NAZWA OSOBOWA
Nazwa osobowa Żeleński, Tadeusz
Daty związane z nazwą (1874-1941).
Określenie związku między hasłem a opisywanym materiałem Tł.
830 #0 - HASŁO DODATKOWE SERII LUB DOKUMENTU WIELOCZĘŚCIOWEGO - TYTUŁ UJEDNOLICONY
Tytuł ujednolicony Kolekcja Gazety Wyborczej ;
Oznaczenie tomu 12
856 ## - LOKALIZACJA I DOSTĘP DO ELEKTRONICZNYCH DOKUMENTÓW ZDALNYCH
Link (URL) http://koha.tu.koszalin.pl/cgi-bin/koha/opac-detail.pl?biblionumber=55649
Tekst linku Katalog online BPK
942 ## - DODATKOWE ELEMENTY (KOHA)
Typ dokumentu Książka
Egzemplarze
Wycofany Status egzemplarza Uszkodzony Dostępność Lokalizacja stała Lokalizacja bieżąca Miejsce przechowywania Sygnatura Kod kreskowy Typ dokumentu
      Dostępny Biblioteka Politechniki Koszalińskiej Biblioteka Politechniki Koszalińskiej Wypożyczalnia BG 89038 02442358 Książka
© 2023 Biblioteka Politechniki Koszalińskiej :: KOHA